| 000 | 00826nam a22001577a 4500 | ||
|---|---|---|---|
| 003 | LRUA | ||
| 005 | 20200127144124.0 | ||
| 008 | 200127b xxu||||| |||| 00| 0 eng d | ||
| 040 | _cRUA | ||
| 082 | _aAED HAK 2016 B657 Or.1 | ||
| 100 |
_914136 _aHAK SREYNUCH ហាក់ ស្រីណុច |
||
| 245 | _athe study on effectiveness of the using credit of the people in pongror commune, rolear bíre district, kompong chhnang provinceការសិក្សារអំពីប្រសិទ្ធភាពនៃការប្រើប្រាស់ឥណទានរបស់ប្រជាជននៅក្នុងឃុំពង្រ ស្រុក រលាប្អៀរ ខេត្តកំពង់ឆ្នាំង | ||
| 260 |
_aRUA _bPhnom penh _c2016 |
||
| 300 |
_ax;39p _bill; _c29cm |
||
| 942 |
_2ddc _cAED |
||
| 999 |
_c18813 _d18813 |
||